The Revolt of the masses : (Record no. 81837)

MARC details
000 -LEADER
fixed length control field 00972nam a22002897a 4500
003 - CONTROL NUMBER IDENTIFIER
control field URS
005 - DATE AND TIME OF LATEST TRANSACTION
control field 20250117010418.0
008 - FIXED-LENGTH DATA ELEMENTS--GENERAL INFORMATION
fixed length control field 250117b |||||||| |||| 00| 0 eng d
020 ## - INTERNATIONAL STANDARD BOOK NUMBER
International Standard Book Number 978-971-542-097-6
040 ## - CATALOGING SOURCE
Transcribing agency URS
050 00 - LIBRARY OF CONGRESS CALL NUMBER
Classification number DS676.8 .Ag73
Item number 2002
100 1# - MAIN ENTRY--PERSONAL NAME
Personal name Agoncillo, Teodoro A.
Relator term Author
245 ## - TITLE STATEMENT
Title The Revolt of the masses :
Remainder of title The story of Bonifacio and the Katipunan
Statement of responsibility, etc Teodoro A. Agoncillo
250 ## - EDITION STATEMENT
Edition statement Second edition.
260 #1 - PUBLICATION, DISTRIBUTION, ETC. (IMPRINT)
Place of publication, distribution, etc Quezon City:
Name of publisher, distributor, etc University of the Philippines Press
Date of publication, distribution, etc 2002
300 ## - PHYSICAL DESCRIPTION
Extent xxiii, 371 pages
Other physical details illustrations,
Dimensions 23 cm.
336 ## - CONTENT TYPE
Source rdacontent
Content type term text
337 ## - MEDIA TYPE
Source rdamedia
Media type term unmediated
338 ## - CARRIER TYPE
Source rdacarrier
Carrier type term volume
504 ## - BIBLIOGRAPHY, ETC. NOTE
Bibliography, etc It includes appendix, bibliography and index.
650 ## - SUBJECT ADDED ENTRY--TOPICAL TERM
Source of heading or term Bonifacio, Andres 1863-1897
650 ## - SUBJECT ADDED ENTRY--TOPICAL TERM
Source of heading or term Bonifacio, Andres 1863-1897- Patriotism
650 ## - SUBJECT ADDED ENTRY--TOPICAL TERM
Source of heading or term Heroes - Philippines - Biography
650 ## - SUBJECT ADDED ENTRY--TOPICAL TERM
Source of heading or term Katipunan - History
650 ## - SUBJECT ADDED ENTRY--TOPICAL TERM
Source of heading or term Philippines - History
942 ## - ADDED ENTRY ELEMENTS (KOHA)
Source of classification or shelving scheme Library of Congress Classification
Koha item type Filipiniana
Holdings
Withdrawn status Lost status Source of classification or shelving scheme Damaged status Not for loan Home library Current library Shelving location Date acquired Source of acquisition Total Checkouts Full call number Barcode Date last seen Price effective from Koha item type
    Library of Congress Classification     Rodriguez College Library Rodriguez College Library Filipiniana Section 01/16/2025 Donation   DS676.8 .Ag73 2002 URSROD-5237 01/17/2025 01/17/2025 Filipiniana

University of Rizal System
Email us at univlibservices@urs.edu.ph

Visit our Website www.urs.edu.ph/library